Minecraft by Letter - N - Statistics

General Stats
  • This quiz has been taken 36 times
  • The average score is 10 of 14
Answer Stats
Hint Answer % Correct
One of the three dimensions in the game Nether
100%
How to get to the dimension Nether Portal
88%
You can get these from chests and fishing, used to name pets Name Tag
84%
The most overpowered ore, and the best possible armor and tools are these Netherite
84%
What most of the dimension is covered in, basically the dirt of the dimension Netherrack
81%
Another Nether Fortress
78%
You get this when you kill the Wither, used to make a beacon Nether Star
72%
The white ore found in the dimension Nether Quartz
69%
This ore is also found in the overworld, except this version drops nuggets Nether Gold
66%
The fortresses are made of these Nether Bricks
63%
Drowneds can drop these, you need eight to make a conduit Nautilus Shell
59%
You need this from a bastion to upgrade your diamond tools Netherite Upgrade
53%
A plant in the dimension Nether Wart
50%
One of the structures found in the above Nether Fossil
6%
No matching quizzes found
Score Distribution
Percent of People with Each Score
Percentile by Number Answered
Your Score History
You have not taken this quiz